000 01175cam a2200133 4500500
005 20251214002717.0
041 _afre
042 _adc
100 1 0 _aForestier, Georges
_eauthor
245 0 0 _aIntroduction à l'analyse des textes classiques
260 _bArmand Colin,
_c2017.
520 _aCet ouvrage présente les règles sur lesquelles s’est fondée l’écriture des textes classiques. Il montre en quoi la connaissance de ces règles est nécessaire à l’étude des œuvres du XVIIe. Or ces règles sont issues à la fois d’une technique générale du discours efficace inventée par les Grecs – la rhétorique – et des prolongements qu’ils ont donnés à cette technique en direction de la poésie et de la fiction – la poétique. Cette présentation évoque enfin les liens qui unissent la rhétorique et la poétique classiques aux techniques modernes d’analyse des objets littéraires qui en sont les héritières. Cette nouvelle édition est enrichie d’un chapitre et de nouveaux textes commentés.
856 4 1 _uhttps://shs.cairn.info/introduction-a-l-analyse-des-textes-classiques--9782200616106?lang=fr&redirect-ssocas=7080
999 _c1567366
_d1567366